00293nam a2200109Ia 4500008004100000082001300041100002100054245005900075260003200134300000900166650000800175191201s1999 xx 000 0 und d a657bBHM aBHATTACHARYYA, S 0aManagement Accounting In Corporating Accounting Theory aN.DelhibSultan Chandc1999 a718` aMBA